00809nam a22002057a 4500008003600000020001500036020001500051082001500066100002700081245005700108260004700165300004000212504004700252650003300299650005400332650005400386942001200440999001700452952013400469100803t1982NW||||| |||| 00| 0 eng d a0770600298 a0770600239 a643.7bHUT bHutchins, Nigel917042 aRestoring Houses of Brick & Stone /cNigel Hutchins. aNew York:bVan Nostrand Reinhold, cc1982. a192 p: bill. (some col.) ;c25 cm. 6Includes bibliography p.188-189 and Index. aDwellingsxRemodeling917043 aBrick housesxconservation and restoration917044 aStone housesxconservation and restoration917045 2ddccBB c14599d14599 00102ddc40708 aMAINbMAINc1STd2010-08-03epurchaseg39.50l1m1o643.7 HUTp000021629r2025-07-15 00:00:00s2014-11-29yBB